000 00325nam a22001337a 4500
008 180227b xxu||||| |||| 00| 0 eng d
020 _a0804204233
041 _aeng
080 _a572
100 _a24
101 _aANT
245 _aThe new testament world insights from cultural anthropoloy
_cMalina,B.J
942 _2udc
_cBK
999 _c43600
_d43600